| 000 | 01530cam a2200349 4500 | ||
|---|---|---|---|
| 001 | 2654644 | ||
| 003 | ARRUPE | ||
| 005 | 20161206093244.0 | ||
| 008 | 730419r19731916nyua b 001 0 eng | ||
| 010 | _a 70147967 | ||
| 020 | _a040408219X | ||
| 040 |
_aDLC _cDLC _dDLC |
||
| 041 | 1 | _aengund | |
| 050 | 0 | 0 |
_aB2012.E5 _bJ68 1973 |
| 082 | 0 | 0 | _a194 |
| 100 | 1 |
_aDiderot, Denis, _d1713-1784. _917023 |
|
| 240 | 1 | 0 |
_aWorks. _kSelections. _lEnglish. _f1973 |
| 245 | 1 | 0 |
_aDiderot's early philosophical works. _cTranslated and edited by Margaret Jourdain |
| 260 |
_aChicago, _bThe Open Court Publishing Company, _c2005. |
||
| 300 |
_av, 246 p. _billus. _c19 cm. |
||
| 490 | 1 | _aLanguage, man, and society: foundations of the behavioral sciences | |
| 500 | _aReprint of the 1916 ed. published by the Open Court Publishing Co., Chicago, which was issued as no. 4 of The Open court series of classics of science and philosophy. | ||
| 504 | _aIncludes bibliographical references. | ||
| 505 | 2 | _aPhilosophic thoughts.--Letter on the blind.--Addition to the letter on the blind.--Letter on the deaf and dumb. | |
| 600 | 1 | 0 |
_aDiderot, Denis, _d1713-1784 _xTranslations into English. _917025 |
| 650 | 0 |
_aPhilosophy. _927945 |
|
| 700 | 1 |
_aJourdain, Margaret, _etranslator, _eeditor. _927946 |
|
| 700 | 1 |
_aSeigel, J. P. _q(Jules Paul), _ewriter of introduction. _927947 |
|
| 830 | 0 |
_aOpen court series of classics of science and philosophy, _vno. 4. _927948 |
|
| 906 |
_a7 _bcbc _corignew _d1 _encip _f19 _gy-gencatlg |
||
| 942 |
_2lcc _cMONOGRAPH |
||
| 999 |
_c125876 _d125876 |
||